| Tag |
First Indicator |
Second Indicator |
Subfields |
| LEADER |
00000cam a22000001a 4500 |
| 001 |
in00002787959 |
| 006 |
m |o d | |
| 007 |
cr |n||||||||| |
| 008 |
121125s2013 nyu ob 001 0 eng d |
| 005 |
20250816224021.2 |
| 020 |
|
|
|a 9780203080818 (electronic bk.)
|
| 020 |
|
|
|a 0203080815 (electronic bk.)
|
| 020 |
|
|
|z 9780415524209
|
| 020 |
|
|
|z 0415524202
|
| 035 |
|
|
|a (NhCcYBP)ebr10631116
|
| 040 |
|
|
|a NhCcYBP
|c NhCcYBP
|d UtOrBLW
|
| 050 |
|
4 |
|a HM480
|b .G36 2013
|
| 082 |
0 |
4 |
|a 306
|2 23
|
| 100 |
1 |
|
|a Gartman, David,
|d 1950-
|
| 245 |
1 |
0 |
|a Culture, class, and critical theory :
|b between Bourdieu and the Frankfurt school /
|c David Gartman.
|
| 264 |
|
1 |
|a New York :
|b Routledge,
|c 2013.
|
| 300 |
|
|
|a 1 online resource.
|
| 336 |
|
|
|a text
|b txt
|2 rdacontent
|
| 337 |
|
|
|a computer
|b c
|2 rdamedia
|
| 338 |
|
|
|a online resource
|b cr
|2 rdacarrier
|
| 490 |
1 |
|
|a Routledge studies in social and political thought ;
|v 78
|
| 504 |
|
|
|a Includes bibliographical references (pages [167]-174) and index.
|
| 505 |
0 |
|
|a Modern culture as mass unity or ranked diversity -- Reification of consumer products : a general history illustrated by the American automobile -- Culture as class symbolization or mass reification? : a critique of Bordieu's Distinction -- Three ages of the automobile : the cultural logics of the car -- Why modern architecture emerged in Europe, not America : the new class and the aesthetics of technocracy -- Bordieau's theory of cultural change : explication, application, critique -- Bordieu and Adorno : converging theories of culture and inequality.
|
| 588 |
|
|
|a Description based on print version record.
|
| 500 |
|
|
|a Electronic resource.
|
| 650 |
|
0 |
|a Critical theory.
|
| 650 |
|
0 |
|a Culture.
|
| 600 |
1 |
0 |
|a Bourdieu, Pierre,
|d 1930-2002.
|
| 650 |
|
0 |
|a Frankfurt school of sociology.
|
| 650 |
|
0 |
|a Sociology.
|
| 655 |
|
7 |
|a Electronic books.
|2 local
|
| 710 |
2 |
|
|a ebrary, Inc.
|
| 776 |
1 |
8 |
|c Original
|z 9780415524209
|z 0415524202
|w (DLC) 2012020063
|
| 830 |
|
0 |
|a Routledge studies in social and political thought ;
|v 78.
|
| 856 |
4 |
0 |
|u https://ebookcentral.proquest.com/lib/tamucs/detail.action?docID=1075100
|y Connect to the full text of this electronic book
|t 0
|
| 955 |
|
|
|a YBP purchased DDA e-records
|
| 980 |
|
|
|b 175.00
|g 1
|
| 999 |
f |
f |
|s aaad2b2d-2eed-398e-8f33-80caa21c9a73
|i 03fcc6fd-747b-3bc3-865f-bbb3446a98b4
|t 0
|
| 999 |
|
|
|a MARS
|
| 952 |
f |
f |
|a Texas A&M University
|b College Station
|c Electronic Resources
|d Available Online
|t 0
|e HM480 .G36 2013
|h Library of Congress classification
|
| 998 |
f |
f |
|a HM480 .G36 2013
|t 0
|l Available Online
|